| 000 | 01694nam a22003737i 4500 | ||
|---|---|---|---|
| 003 | DO-SdBPM | ||
| 005 | 20250109093821.0 | ||
| 007 | ta | ||
| 008 | 210224e2013 dr a||||r ||| 001 0bspa d | ||
| 040 |
_aDO-SdBPM _bspa _cBPMSU |
||
| 041 | _aspa | ||
| 082 | 4 |
_a923.27293 _bD812P 2013 _222 |
|
| 100 | 1 |
_aPérez Saviñón, José Joaquín, _eautor _4 |
|
| 100 | z | _aSaviñón, José Joaquín Pérez | |
| 245 | 1 | 0 |
_aJuan Pablo Duarte : _bbiografía, faceta dinámica, ideario / _cJosé Joaquín Pérez Saviñón, Pedro Troncoso Sánchez, Vetilio Alfau Durán. |
| 264 | 1 |
_aSanto Domingo, República Dominicana : _bEditora Alfa y Omega, _c2013. |
|
| 300 |
_aVIII, 71 páginas : _bilustraciones ; _c20 cm. |
||
| 336 |
_atexto _btxt _2rdacontent |
||
| 337 |
_asin mediación _bn _2rdamedia |
||
| 338 |
_avolumen _bnc _2rdacarrier |
||
| 500 | _aIncluye notas : páginas 69-70 | ||
| 500 | _a"Esta publicación es una contribución de la Refinería Dominicana de Petróleo, al Ministerio de Educación y al Instituto Duartiano, en ocasión de la celebración del bicentenario del nacimiento de Juan Pablo Duarte, fundador de la República Dominicana." | ||
| 590 | _aInventariado 2025 / VM | ||
| 600 | 1 | 4 |
_aDuarte, Juan Pablo, _d1813-1876 |
| 651 | 4 |
_aRepública Dominicana -- _xHistoria -- _y1844-1930 |
|
| 651 | 4 |
_aEstadistas _zRepública Dominicana _vBiografías |
|
| 700 | 1 |
_aTroncoso Sánchez, Pedro, _d1904-1989 _4autor _e |
|
| 700 | 1 |
_aAlfau Durán, Vetilio, _d1909-1985 _eautor _4aut. |
|
| 700 | z |
_aSánchez, Pedro Troncoso _d1904-1989 |
|
| 700 | z | _aDurán, Vetilio Alfau | |
| 700 | z |
_a Alfau Durán, V. _q(Vetilio) |
|
| 910 | _aVMateo V. Control de calidad. BPMSU | ||
| 942 |
_2ddc _cBK |
||
| 999 |
_c14902 _d14902 |
||